Every Governor of West Virginia - Statistics

General Stats
  • This quiz has been taken 76 times
    25 since last reset
  • The average score is 7 of 37
Answer Stats
Picture Hint Answer % Correct
R(2017-2025) Jim Justice
73%
D(2005-2010) Joe Manchin
73%
R(2025-) Patrick Morrisey
73%
D(1977-1985) Jay Rockefeller
55%
D(1965-1969) Hulett C. Smith
45%
R(1985-1989) Arch A. Moore Jr.
36%
R(1969-1977) Arch A. Moore Jr.
36%
D(2010-2017) Earl Ray Tomblin
36%
D(1881-1885) Jacob B. Jackson
36%
R(1901-1905) Albert B. White
27%
D(2001-2005) Bob Wise
27%
R(1997-2001) Cecil H. Underwood
27%
R(1957-1961) Cecil H. Underwood
27%
D(1885-1890) Emanuel Willis Wilson
18%
R(1921-1925) Ephraim F. Morgan
18%
D(1989-1997) Gaston Caperton
18%
R(1863-1869) Arthur I. Boreman
9%
R(1869-1871) William E. Stevenson
9%
D(1961-1965) William Wallace Barron
9%
D(1890-1893) Aretas B. Fleming
0%
D(1945-1949) Clarence W. Meadows
0%
R(1869-1869) Daniel D. T. Farnsworth
0%
R(1897-1901) George W. Atkinson
0%
R(1913-1917) Henry D. Hatfield
0%
D(1877-1881) Henry M. Mathews
0%
D(1933-1937) Herman G. Kump
0%
D(1937-1941) Homer A. Holt
0%
R(1925-1929) Howard Mason Gore
0%
D(1917-1921) John J. Cornwell
0%
I(1871-1877) John J. Jacob
0%
D(1941-1945) Matthew M. Neely
0%
D(1949-1953) Okey Patteson
0%
D(1893-1897) William A. MacCorkle
0%
D(1953-1957) William C. Marland
0%
R(1909-1913) William E. Glasscock
0%
R(1929-1933) William G. Conley
0%
R(1905-1909) William M. O. Dawson
0%
No matching quizzes found
Score Distribution
Percent of People with Each Score
Percentile by Number Answered
Your Score History
You have not taken this quiz since the last reset